000 00425nam a22001697a 4500
003 OSt
005 20241016072836.0
008 241016b |||||||| |||| 00| 0 eng d
040 _cDLC
050 _aREF L868E
082 _2REF L868E
100 _aLorein, Geert W.
_927
245 _aEzra and Nehemiah
_cby Geert W. Lorein
260 _aDowners Grove, Illinois:
_bIVP Academic,
_c2024.
300 _a260p.
942 _2ddc
_cBK
999 _c11138
_d11138